| 000 | 00530nam a22001937a 4500 | ||
|---|---|---|---|
| 003 | MPLRDC | ||
| 005 | 20220104200623.0 | ||
| 008 | 210129b ||||| |||| 00| 0 eng d | ||
| 020 | _a981-4179-02-7 | ||
| 082 | _a859.3 WCS-2 | ||
| 100 | _a王春生 编注 | ||
| 245 |
_a三字经 _c陈昭如 绘 |
||
| 250 | _a初版 | ||
| 260 |
_a台湾 _b台湾企鹅图书有限公司, 大众书局(马) _c2004 |
||
| 300 | _b平 | ||
| 490 | _a彩色儿童文学琼林 | ||
| 650 | _a儿童文学总集;启蒙 | ||
| 942 |
_cBK _o859.3 WCS-2 |
||
| 999 |
_c66785 _d66775 |
||